000 00305nam a22001217a 4500
008 170601b xxu||||| |||| 00| 0 eng d
041 _aeng
080 _a94(7/8)
100 _a17
101 _ashh
245 _aA GUIDE TO AMERICA'S GREATEST HISTORIC PLACES
_cAMERICAN HERITAGE MAGAZINE
942 _2udc
_cBK
999 _c15182
_d15182